Hindi self taught : (Record no. 40902)

MARC details
000 -LEADER
fixed length control field 00674nam a22001937a 4500
005 - DATE AND TIME OF LATEST TRANSACTION
control field 20100811115650.0
010 ## - LCCN (DPL NO)
LC control number ENG-99532
020 ## - INTERNATIONAL STANDARD BOOK NUMBER
International Standard Book Number 8190463324
Terms of availability 135.00
035 ## - SYSTEM CONTROL NUMBER
System control number EN-83064
037 ## - SOURCE OF ACQUISITION
Source of stock number/acquisition DBAD/PUB
082 ## - DEWEY DECIMAL CLASSIFICATION NUMBER
Classification number 420
100 ## - MAIN ENTRY--PERSONAL NAME
Personal name Ojha, Ashutosh
245 ## - TITLE STATEMENT
Title Hindi self taught :
Remainder of title the scientific method of mastering hindi the easy way /
Statement of responsibility, etc by Ashutosh Ojha
260 ## - PUBLICATION, DISTRIBUTION, ETC. (IMPRINT)
Place of publication, distribution, etc Gurgaon
Name of publisher, distributor, etc Shri Gopesh Kumar Pratishthan
Date of publication, distribution, etc 2008
270 ## - ADDRESS
Address 1952/Sector-4
City Haryana
Postal code 122001
300 ## - PHYSICAL DESCRIPTION
Extent vi,264p.
Dimensions 21cm (pbk)
942 ## - ADDED ENTRY ELEMENTS (KOHA)
Source of classification or shelving scheme Dewey Decimal Classification
Item type English Books
Classification part 420
Call number suffix OJH
Holdings
Withdrawn status Lost status Not for loan Collection code Home library Current library Date acquired Source of acquisition Cost, normal purchase price Full call number Barcode Copy number Cost, replacement price Koha item type
    Not For Loan Non-fiction D.B.Act.Division D.B.Act.Division 11/08/2010 DBAD/PUB 135.00 420 OJH EN-83064 1 135.00 English Books

© Delhi Public Library
Hit Counter
free hit counter